00974nas a2200229Ia 4500001001100000003000900011008004100020040001300061040001300074041001300087100003800100210001600138222001600154245009900170250001100269260003900280501008600319300001000405362003300415500026000448650003600708R017/G7217IT-RoPAU151124c99999999xx |||||||||||| ||und|| aIT-RoPAU cIT-RoPAU aITALIANO aAA.VV. gCodice Aut. SPICS: 12000 aFILMCRITICA aFilmcritica aFILMCRITICA SCUOLA, ANNO 04-N.14 (MAGGIO 2001)bFilmcritica Scuola, Anno 04-N.14 (Maggio 2001) a1a ed. aMONTEPULCIANO (SI)bLE BALZEc2001 bPaulus - SPICS - Società San Paolo EM (non-commercial uses only)cCopyright2015 a16 p. aANNO 004, N.14 (MAGGIO 2001) aSupplemento Alla Rivista Filmcritica, N.515 (Maggio 2001). La Tigre di Carta: Editoriale di F. Moneta. Note Sul Film Freaks di Tod Browning (1932) a Cura di A. Cappabianca. Cinema Arte della Luce di I. Gatti. Leggere il Cinema: Sigfried Kracauer di L. Esp aCINEMAvPUBBLICAZIONE PERIODICA